№ 10; Математика (РЖ)

Bibliographische Detailangaben
Parent link:Математика (РЖ): реферативный журнал/ ВИНИТИ. № 10.— , 1954-.— 0034-2467
Sprache:Russisch
Veröffentlicht: 2010
Schlagworte:
Format: Buch
KOHA link:https://koha.lib.tpu.ru/cgi-bin/koha/opac-detail.pl?biblionumber=431887

MARC

LEADER 00000nam2a2200000 4500
001 431887
005 20231101075422.0
035 |a (RuTPU)RU\TPU\prd\92069 
090 |a 431887 
100 |a 20101203a19549999k y0rusy50 ca 
101 0 |a rus 
102 |a RU 
200 0 |a № 10 
210 |d 2010 
461 1 |0 (RuTPU)RU\TPU\prd\241  |x 0034-2467  |t Математика (РЖ)  |o реферативный журнал  |f ВИНИТИ  |v № 10  |d 1954- 
610 1 |a реферативные журналы 
801 0 |a RU  |b 63413507  |c 20010227  |g PSBO 
801 1 |a RU  |b 63413507  |c 20101203 
801 2 |a RU  |b 63413507  |c 20170130  |g RCR 
942 |c BK 
999 |a НТБ_ТПУ  |b ЧЗТЛ  |e -1/20100108  |p П-5816  |s 3/20100406  |u 0,00  |v 1